LEADER 01167nam2 2200385 450 001 990000755980203316 010 $a88-14-01833-2 035 $a0075598 035 $aUSA010075598 035 $a(ALEPH)000075598USA01 035 $a0075598 100 $a20011120d1989----km-y0itay0103----ba 101 $aita 102 $aIT 105 $a||||||||001yy 200 1 $aIstruzione primaria$eaggiornamento al 31 dicembre 1988$f Antonio Di Vito$v1 210 $aMilano$cGiuffrè$d1989 215 $a1888 p.$d20 cm 410 $12001 461 $1001000075596$12001$aRaccolta delle circolari sulla pubblica istruzione 606 $aIstruzione pubblica$xCircolari 676 $a344.4507 710 01$aITALIA$0423419 801 0$aIT$bsalbc$gISBD 912 $a990000755980203316 951 $aCODEX 281 1agg.1988$b66800 EC$cCODEX 959 $aBK 969 $aECO 979 $aPATTY$b90$c20011120$lUSA01$h1712 979 $aPATTY$b90$c20011120$lUSA01$h1712 979 $c20020403$lUSA01$h1723 979 $aPATRY$b90$c20040406$lUSA01$h1652 979 $aPATRY$b90$c20061017$lUSA01$h1724 996 $aIstruzione primaria$9270812 997 $aUNISA LEADER 01145nam a2200325 i 4500 001 991000961149707536 005 20020507104440.0 008 960427s1978 us ||| | eng 035 $ab10154024-39ule_inst 035 $aLE00639809$9ExL 040 $aDip.to Fisica$bita 084 $a510.42 084 $a621.3.3 084 $aQA403.5.B7 100 1 $aBracewell, Ronald N.$0462093 245 14$aThe Fourier transforms and its applications /$cRonald N. Bracewell 250 $a2nd ed. 260 $aNew York :$bMcGraw-Hill Book Co.,$cc1978 300 $axvi, 444 p. :$bill. ;$c24 cm. 490 0 $aMcGraw-Hill electrical and electronic engineering series 500 $aIncludes index. 650 4$aFourier transformations 650 4$aHarmonic analysis 650 4$aTransformations (Mathematics) 907 $a.b10154024$b17-02-17$c27-06-02 912 $a991000961149707536 945 $aLE006 510.42 BRA$g1$i2006000021906$lle006$o-$pE0.00$q-$rl$s- $t0$u3$v1$w3$x0$y.i10186281$z27-06-02 996 $aFourier transforms and its applications$9187937 997 $aUNISALENTO 998 $ale006$b01-01-96$cm$da $e-$feng$gus $h4$i1